[Event "South Moravia Region-chT 2223"]
[Site "Czech Republic"]
[Date "2023.04.02"]
[Round "11.8"]
[White "Ruzicka, Martin"]
[Black "Zdrazil, Karel"]
[Result "1-0"]
[WhiteElo "1926"]
[BlackElo "1541"]
[PlyCount "52"]
[EventDate "2022.10.09"]
[EventType "team-tourn"]
[EventRounds "11"]
[EventCountry "CZE"]
[SourceTitle "EXT 2024"]
[Source "ChessBase"]
[SourceDate "2023.10.10"]
[SourceVersion "1"]
[SourceVersionDate "2023.10.10"]
[SourceQuality "1"]

1. d4 f5 2. c4 e6 3. Nf3 Nf6 4. Nc3 Be7 5. g3 0-0 6. Bg2 d6 7. 0-0 Qe8 8. Qb3 c6 9. Bg5 Ne4 10. Bf4 g5 11. Bc1 Nxc3 12. bxc3 g4 13. Ne1 h5 14. Nd3 Kg7 15. e4 h4 16. exf5 hxg3 17. fxg3 Rh8 18. Rf2 exf5 19. Bd2 Qh5 20. Bh1 Nd7 21. Nf4 Qh7 22. Re1 Bd8 23. Ne6+ Kg6 24. Qb1 Rf8 25. Nxd8 Rxd8 26. Qxf5+ Kg7 1-0

[Event "IECC Swiss email"]
[Site "IECC email"]
[Date "2001.05.22"]
[Round "?"]
[White "Lafargue, Philippe"]
[Black "Zdrazil, Karel"]
[Result "0-1"]
[WhiteElo "863"]
[BlackElo "1410"]
[PlyCount "56"]
[EventDate "2001.??.??"]
[EventType "tourn (corr)"]
[EventRounds "6"]
[SourceTitle "Corr 2008"]
[Source "ChessBase"]
[SourceDate "2008.06.24"]
[SourceVersion "1"]
[SourceVersionDate "2008.06.24"]
[SourceQuality "1"]

1. Nc3 e5 2. e4 Nf6 3. d4 exd4 4. Qxd4 Nc6 5. Qc4 d6 6. Bg5 Be7 7. 0-0-0 Ne5 8. Qb5+ c6 9. Qa4 0-0 10. Nf3 b5 11. Qb3 Be6 12. Qb4 Nc4 13. Nd4 Bd7 14. Bxc4 d5 15. Qb3 dxc4 16. Nxc6 Bxc6 17. Qxb5 Bxb5 18. Rxd8 Rfxd8 19. Nxb5 h6 20. Bxf6 Bxf6 21. c3 Bg5+ 22. Kc2 Rd2+ 23. Kb1 Rb8 24. a4 a6 25. f4 Bxf4 26. g3 axb5 27. gxf4 bxa4 28. b4 cxb3 0-1

[Event "IECC KO email"]
[Site "IECC email"]
[Date "2001.04.13"]
[Round "?"]
[White "Zdrazil, Karel"]
[Black "Magalhaes, Joao Flavio"]
[Result "1-0"]
[WhiteElo "1423"]
[BlackElo "1478"]
[PlyCount "117"]
[EventDate "2001.??.??"]
[EventType "tourn (corr)"]
[EventRounds "6"]
[SourceTitle "Corr 2008"]
[Source "ChessBase"]
[SourceDate "2008.06.24"]
[SourceVersion "1"]
[SourceVersionDate "2008.06.24"]
[SourceQuality "1"]

1. e4 e6 2. d4 d5 3. Nc3 Nf6 4. Bg5 dxe4 5. Nxe4 Bb4+ 6. c3 Be7 7. Bxf6 gxf6 8. Qb3 0-0 9. 0-0-0 Qd5 10. Qxd5 exd5 11. Ng3 Re8 12. Bd3 c5 13. N1e2 c4 14. Bc2 Bd6 15. Rde1 Nc6 16. Nh5 Be7 17. Nef4 Rd8 18. Re3 f5 19. h4 b5 20. Rg3+ Kh8 21. Rg7 Be6 22. g4 Bf8 23. Rg5 fxg4 24. Nxe6 fxe6 25. Nf6 Be7 26. Nxg4 Bxg5+ 27. hxg5 Rd7 28. Kd2 Rf8 29. Rh6 Re7 30. Ke3 b4 31. Nf6 bxc3 32. Bxh7 Rb8 33. bxc3 Kg7 34. Nh5+ Kf8 35. Bc2 Ke8 36. Ba4 Kd7 37. g6 Kc7 38. g7 Rg8 39. Rg6 Kb7 40. Bxc6+ Kxc6 41. Kf4 Rf7+ 42. Ke5 Rxf2 43. Rxe6+ Kb5 44. Rf6 Rg2 45. Rf5 Rxa2 46. Rf8 Re2+ 47. Kxd5 Re8 48. Rxe8 Rxe8 49. Nf6 Rd8+ 50. Ke6 a5 51. d5 a4 52. d6 a3 53. Ke7 Ra8 54. Ne8 a2 55. g8Q a1Q 56. Nc7+ Kc5 57. Qxa8 Qe1+ 58. Kd7 Qh4 59. Qa5# 1-0